Daily Capital City Riddle #129 - Statistics

General Stats
  • This quiz has been taken 39 times
  • The average score is 31 of 33
Answer Stats
Type Answer % Correct
Alphabet Letter A
100%
Alphabet Letter E
100%
Alphabet Letter M
100%
Found Letter N
100%
Found Letter O
100%
Alphabet Letter S
100%
Alphabet Letter C
97%
Found Letter D
97%
Alphabet Letter H
97%
Alphabet Letter I
97%
Found Letter L
97%
Correctly Placed Letter O
97%
Alphabet Letter R
97%
Alphabet Letter T
97%
Alphabet Letter B
94%
Alphabet Letter G
94%
Correctly Placed Letter N
94%
Correctly Placed Letter O
94%
Alphabet Letter P
94%
Alphabet Letter W
94%
Alphabet Letter K
91%
Correctly Placed Letter N
91%
Alphabet Letter U
91%
Alphabet Letter V
91%
Alphabet Letter Y
91%
Alphabet Letter J
88%
Correctly Placed Letter D
85%
Alphabet Letter F
85%
Correctly Placed Letter L
85%
Mystery Capital London
85%
Alphabet Letter Q
85%
Alphabet Letter X
85%
Alphabet Letter Z
85%
No matching quizzes found
Score Distribution
Percent of People with Each Score
Percentile by Number Answered
Your Score History
You have not taken this quiz